| 000 | 00465nam a2200181Ia 4500 | ||
|---|---|---|---|
| 003 | OSt | ||
| 005 | 20230919101543.0 | ||
| 008 | 221021s9999||||xx |||||||||||||| ||und|| | ||
| 020 | _a0-07-251264-4 | ||
| 040 | _cChuka University Library | ||
| 050 |
_aQD 31.3 _b.C53 2005 |
||
| 100 |
_aChang Raymond _91179 |
||
| 245 | 0 | _aChemistry / | |
| 260 |
_aBoston _bMcGrawhill _c2005 |
||
| 650 |
_aChemistry _9144 |
||
| 700 |
_a Brandson Cruickshank _912693 |
||
| 942 |
_cBK _2lcc |
||
| 999 |
_c1131 _d1131 |
||